000 00914nab a2200229 uc4500
001 1362589
005 20250129091430.0
007 cr|||||||
008 140311s2014 spa
035 _a1362589
040 _ccomduadb
041 _aspa
100 1 0 _aManrique Losada, Bell
_4aut
_eaut
_9449855
245 1 0 _aTransformación de lenguaje natural a controlado en la educción de requisitos: una síntesis conceptual basada en esquemas preconceptuales
650 _aLenguaje natural
_922191
650 _aLenguaje controlado
_9194127
650 7 _aLingüística computacional
_2armarc
_951396
700 1 0 _aZapata Jaramillo, Carlos Mario
_4aut
_eaut
_9536160
773 0 _tRevista Facultad de Ingeniería (Medellín)
_gNúmero 70, Marzo 2014, 14 p.
_w120998
_x0120-6230
_067890
856 4 _uhttp://aprendeenlinea.udea.edu.co/revistas/index.php/ingenieria/article/view/18657/16001
942 _cARIMP
999 _c677253
_d677253